000 01474nam0a22003251 4500
001 rc\327158
005 20250613085512.0
010 _a5-286-00347-8
_d1 р.
_9400
021 _aRU
_b89-29392
035 _a(NLR Aleph) 009036950
090 _a9525829
_c9525829
100 _a20030307d1989 |||y0rusy50 ca
101 0 _arus
102 _aRU
105 _aa z||||||||
200 1 _aИзучение и методы расчета крупномасштабной турбулентности глубоководного водоема
_e(по материалам исследований на озере Байкал)
_fЛ.П. Алексеев
_gГос. гидрол. ин-т
210 _aЛенинград
_cГидрометеоиздат
_d1989
215 _a127, [1] с.
_cил.
_d22
320 _aБиблиогр.: с. 119-127 (177 назв.)
606 1 _aВодоемы
_xЦиркуляция воды
_91285091
_3RU\NLR\AUTH\66212798
607 _aБайкал, озеро (Сибирь Юго-Восточная)
_xТечения
_91066281
_3RU\NLR\AUTH\6696144
607 _aБайкал, озеро (Сибирь Юго-Восточная)
_xГидрология
_91066102
_3RU\NLR\AUTH\6696028
686 0 _aД226.4(2Р54.7)
_2rubbk
700 1 _aАлексеев
_bЛ.П.
_gЛеонид Павлович
801 0 _aRU
_bNLR
_gpsbo
801 1 _aRU
_bELAR
_2rusmarc
801 2 _aRU
_bNLR
_c20130325
_2rusmarc
852 _aNLR
_j89-3/6056
942 _cBOOK
980 _aNB